Авантаж [видео DVD] (Запис номер 219697)
[ съкратено ]
| 000 -Лидер | |
|---|---|
| Контролно поле с фиксирана дължина | 01950ngm a2200385 a 4500 |
| 003 - Код на организацията, давaща контролен номер | |
| Контролно поле | BLK |
| 005 - Дата и час на последна редакция | |
| Контролно поле | 20240528113410.0 |
| 008 - Елементи от данни с фиксирана дължина | |
| fixed length control field | 180410b bul||n||s|||||||| mlbulo| |
| 010 ## - Наследен системен номер | |
| LC control number | CDD00002105000 |
| 040 ## - Източник на каталожния запис | |
| Идентификатор на билиотеката - собственик на записа | BLK |
| 041 ## - Код за език | |
| Код за езика на текст/звукозапис или на отделно заглавие | Български |
| Код за езика КДБФ | Български |
| 080 ## - УДК | |
| Текстов определител УДК | Комедии |
| УДК код - определител по УДК | 791.221.2 |
| УДК определител | (497.2)(086.8) |
| УДК - код + определител | 791.221.2(497.2)(086.8) |
| 139 ## - Редно поле | |
| Редна дума | Авантаж [видео DVD] |
| Авторски знак | Ав - А 16 |
| 245 10 - Сведения за заглавието | |
| Заглавие | Авантаж [видео DVD] |
| Редно поле (дума) | сценарист Георги Дюлгеров; сценарист Руси Чанев; режисьор Георги Дюлгеров; в ролите Руси Чанев; оператор Радослав Спасов; музика Божидар Петков. |
| 257 ## - Страна на издаване | |
| Страна на създаване/издаване | България |
| 260 ## - Област на издателските данни | |
| Място на издаване, разпространение и проч. | София |
| Име на издателя, разпространителя и проч. | Нац. филмов център |
| Година на издаване | 2006 |
| 300 ## - Физическа характеристика | |
| Страници | (5,93 GB)(138 мин.) |
| Илюстрации и др. | зв., цв. |
| Размери/Мащаб | 12 см |
| Съпровождащи материали | 1 брош. (1 л. ; 17Х47 см, сгънат до 17Х12 см) |
| 380 ## - Жанр | |
| Жанр | Изкуство |
| 490 ## - СЕРИИ (Колекции) | |
| Име на серия | DVD колекция Златни български филми |
| №: серия | 43 |
| 500 ## - Общи забележки | |
| Забележка | Изт. : Заглавен екран ; Етикет ; Брош. - Системни изисквания : DVD устройство ; Windows Media Player. - Дигитално изд. - Съдържа и За филма ; За колекцията |
| 590 ## - Забележки на библиотеката, притежаваща документа (RLIN) | |
| Служебно | S.N: 68758 от КНИГИ |
| 700 1# - Други автори (авторска отговорност) | |
| Лично име | Дюлгеров, Георги |
| Автороска отговорност (Описва отношението между автора и произведението) | сценарист |
| 9 (RLIN) | 387740 |
| 700 1# - Други автори (авторска отговорност) | |
| Лично име | Чанев, Руси |
| Автороска отговорност (Описва отношението между автора и произведението) | сценарист |
| 9 (RLIN) | 387741 |
| 700 1# - Други автори (авторска отговорност) | |
| Лично име | Дюлгеров, Георги |
| Автороска отговорност (Описва отношението между автора и произведението) | режисьор |
| 9 (RLIN) | 387740 |
| 700 1# - Други автори (авторска отговорност) | |
| Лично име | Чанев, Руси |
| Автороска отговорност (Описва отношението между автора и произведението) | в ролите |
| 9 (RLIN) | 387741 |
| 700 1# - Други автори (авторска отговорност) | |
| Лично име | Спасов, Радослав |
| Автороска отговорност (Описва отношението между автора и произведението) | оператор |
| 9 (RLIN) | 354333 |
| 700 1# - Други автори (авторска отговорност) | |
| Лично име | Петков, Божидар |
| Автороска отговорност (Описва отношението между автора и произведението) | музика |
| 9 (RLIN) | 354397 |
| 852 ## - Местоположение | |
| Форматна сигнатура | Цб CD 1229 |
| Част | 0 |
| 856 4# - Електронен адрес и достъп | |
| Електронен формат | pdf - файл |
| Път до файла /url/ | |
| 856 4# - Електронен адрес и достъп | |
| Електронен формат | pdf - файл |
| Път до файла /url/ | |
| 942 ## - АРТИКУЛИ | |
| Вид на библиотечния материал | Компактдискове |
| Скрит в OPAC | Не |
| 944 ## - СЪЗДАВАНЕ И РЕДАКЦИЯ на ЗАПИСА | |
| Създаване/Редакция | Създаване |
| Дата на регистрацията/редакция | 18.10.2006 |
| Служител, извършил регистрацията/редакцията | 30553 |
| Статус, дата на статуса | Иваничка Йорданова |
| 944 ## - СЪЗДАВАНЕ И РЕДАКЦИЯ на ЗАПИСА | |
| Създаване/Редакция | Редакция |
| Дата на регистрацията/редакция | 07.05.2007 |
| 999 ## - СИСТЕМНИ КОНТРОЛНИ НОМЕРА | |
| Koha biblionumber | 219697 |
| Koha biblioitemnumber | 219697 |
| 999 ## - СИСТЕМНИ КОНТРОЛНИ НОМЕРА | |
| Koha biblioitemnumber | 219697 |
| Код за отписване | Код за изгубен артикул | Източник на класификационната схема | Код за повреда | Коз за рестрикции | Код за отдаване | Артикулен № | Име на библиотеката - собственик | Име на библиотеката, в която се намира в момента | Статус (Текущо местоположение) | Дата на вписване в системата | Местоположение - отдел | Цена в лева | Инвентарен номер | Систематично азбучна сигнатура | Баркод | Номер на екземпляра | Цена в евро | Служебна бележка | Служебен тип на артикула |
|---|---|---|---|---|---|---|---|---|---|---|---|---|---|---|---|---|---|---|---|
| Не е изгубен | Universal Decimal Classification | Не е повреден | без рестрикции | заемане за дома | 391264 | Регионална библиотека "Любен Каравелов" Русе | Регионална библиотека "Любен Каравелов" Русе | Отдел Изкуство - подръчен фонд | 2006-10-17 | Отдел Изкуство - подръчен фонд | 3.90 | 250000001785 | 791.221.2/А 16 | 250000001785 | 1 | 1.99 | Дост: Pk Вид: Ф N: 728 Дата: 11.10.2006 | Компактдискове | |
| Не е изгубен | Не е повреден | без рестрикции | ползва се в читалня | 391265 | Регионална библиотека "Любен Каравелов" Русе | Регионална библиотека "Любен Каравелов" Русе | Хранилище | 2007-04-24 | Хранилище | 0.00 | 250000002215 | Цб CD 1229 | 250000002215 | 2 | 0.00 | Дост: Dp Вид: Д N: 43 Дата: 27.09.2006 | Компактдискове |